• 首页
  • 本馆介绍
  • 公告通知
  • 最新文献
  • 馆藏检索
  • 电子资源
  • 读者导购
  • 参考咨询
  • 我的图书馆
  • 登录
  • 详细信息显示
  • 放入我的书架
  • 预约/预借图书
  • 作者相关作品
  • 分类相关作品
  • 丛书相关作品
  • 出版社相关作品

书目信息

  • 表格格式
  • 工作单格式
  • 卡片格式
题名:
现代建筑设计思想的演变
    
 
作者: 柯林斯 著 ;英若聪 译
分册:  
出版信息: 北京   中国建筑工业出版社  2003.8
页数: 308页
开本: 24cm
丛书名: 国外建筑理论译丛
单 册:
中图分类: TU-091.14 , TU-091.15
科图分类:
主题词: 建筑史--西方国家--1750~1950
电子资源:
ISBN: 978-7-112-05855-6
000 01233nam 2200313 450
001 0400004712
005 20171129083534.93
010    @a978-7-112-05855-6@dCNY72.00
100    @a20150712e20162003em y0chiy0121 ea
101 1  @achi@ceng
102    @aCN@b110000
105    @af z 000yy
106    @ar
200 1  @a现代建筑设计思想的演变@9xian dai jian zhu she ji si xiang de yan bian@f(英)彼得·柯林斯著@g英若聪译
210    @a北京@c中国建筑工业出版社@d2003.8@h2016.7
215    @a308页@c图@d24cm
225 2  @a国外建筑理论译丛
304    @a书名原文:Changing Ideals in Modern Architecture,1750-1950
305    @a据原书第二版译出
330    @a本书是一本专论200多年来西方现代建筑设计思想发展的书。作者从浪漫主义、复古主义、功能主义和理性主义等方面论述了西方现代建筑思想的变化和形成过程,并详述了各种文学艺术思潮对它的影响。
461  0 @12001 @a国外建筑理论译丛
510 1  @aChanging Ideals in Modern Architecture@e1750-1950@eSecond Edition@zeng
606 0  @a建筑史@y西方国家@z1750~1950
690    @aTU-091.14@v4
690    @aTU-091.15@v4
701  1 @c(英)@a柯林斯@9ke lin si@bP.@gCollins, Peter@4著
702  0 @a英若聪@9yang ruo cong@4译
801  0 @aCN@b91MARC@c20171024
905    @b1038965-9@dTU-091.14@f5@e179
    
    现代建筑设计思想的演变/(英)彼得·柯林斯著/英若聪译.-北京:中国建筑工业出版社,2003.8(2016.7)
    308页:图;24cm.-(国外建筑理论译丛)
    
    
    ISBN 978-7-112-05855-6:CNY72.00
    本书是一本专论200多年来西方现代建筑设计思想发展的书。作者从浪漫主义、复古主义、功能主义和理性主义等方面论述了西方现代建筑思想的变化和形成过程,并详述了各种文学艺术思潮对它的影响。
●
相关链接 在E读中查询图书 在五车中查询图书 在当当中查询图书 在豆瓣中查询图书


正题名:现代建筑设计思想的演变     索取号:TU-091.14/179         预约/预借

序号 登录号 条形码 馆藏地/架位号 状态 备注
1 1038965   210389658   第二样本阅览室/ [索取号:TU-091.14/179] 在馆    
2 1038966   210389667   密集书库-生命科学系/ [索取号:TU-091.14/179] 在馆    
3 1038967   210389676   第三借阅区/ [索取号:TU-091.14/179] 在馆    
4 1038968   210389685   第三借阅区/ [索取号:TU-091.14/179] 在馆    
5 1038969   210389694   第三借阅区/ [索取号:TU-091.14/179] 在馆    
唐山师范学院图书馆 欢迎您!
大连网信软件有限公司© 版权所有